El cambio radical de Medillín /

Transformada de capital del asesinato en ciudad del boom empresarial, Medellín ha sido alabada como un extraño caso de éxito urbano del neo-conservadurismo de América del Sur

Αποθηκεύτηκε σε:
Λεπτομέρειες βιβλιογραφικής εγγραφής
Κύριος συγγραφέας: Hylton, Forrest
Μορφή: Κείμενο
Θέματα:
Ετικέτες: Προσθήκη ετικέτας
Δεν υπάρχουν, Καταχωρήστε ετικέτα πρώτοι!

MARC

LEADER 00000 a a2200000 04500
001 10101
003
040
100 |a Hylton, Forrest  
245 |a El cambio radical de Medillín /  |c Forrest Hylton 
520 |a Transformada de capital del asesinato en ciudad del boom empresarial, Medellín ha sido alabada como un extraño caso de éxito urbano del neo-conservadurismo de América del Sur  
650 |a DESARROLLO URBANO  
650 |a ECONOMIA  
650 |a COLOMBIA  
773 |g número 44; páginas 67-85  
999 |c 27290  |d 27290